00745 a2200277 4500260001000000630004500010037001000055650003500065100001900100260001100119260005100130245006700181300001000248650001900258260000900277300001000286100000700296037001000303037001000313037001000323440002600333700004000359700003200399020001800431020001800449 aParis a16 - Logique. Theorie de la connaissance b3, BU a1 - PHILOSOPHIE ET PSYCHOLOGIE aComte, Auguste bJ.VRIN bEcole des hautes études en sciences sociales aCorrespondance générales et confessions; Tome 6: 1851-1852 a491p. acorrespondance c1984 b23cm. lFr aL2780 aL2778 aL2781 aArchives positivistes aEd., Berrêdo Carneiro, Paulo aEd., Arbousse-Bastide, Paul a2-7132-0793-2 a2-7116-2023-9